00572nam a2200205 a 450000100060000000300090000600800410001502000150005604000280007108200170009910000190011624500290013525000060016426000560017030000110022665000250023765000380026265000460030065000200034611164CO-ViMGA141112s2004 ck r 000 u spa d a9589057241 aCO-ViMGAbspacCO-ViMGA a301.412 B37h1 aBermudez, Suzy10aHijas, esposas y amantes a1 aSantafé de Bogotá, cediciones Uniandes, c1994 a185 p.14aCOLOMBIA 1850 - 188614aCONDICIONES SOCIALES DE América14aMUJERES EN EL DESCUBRIMIENTO DE América14aSITUACION LEGAL